Lo fotográfico. Por una teoría de los desplazamientos.
Wedi'i Gadw mewn:
| Prif Awdur: | |
|---|---|
| Awduron Eraill: | |
| Fformat: | Llyfr |
| Iaith: | Sbaeneg |
| Cyhoeddwyd: |
Barcelona, España:
Gustavo Gili,
2002.
|
| Cyfres: | FotoGGrafía.
|
| Pynciau: | |
| Tagiau: |
Ychwanegu Tag
Dim Tagiau, Byddwch y cyntaf i dagio'r cofnod hwn!
|
MARC
| LEADER | 00000nam a22000007a 4500 | ||
|---|---|---|---|
| 003 | CL-VaPUC | ||
| 005 | 20250321101938.0 | ||
| 008 | 250130t2002 ||||| |||| 00| 0 spa d | ||
| 999 | |c 446946 |d 446944 | ||
| 020 | |a 84-252-1891-8 | ||
| 040 | |c Pontificia Universidad Católica de Valparaíso | ||
| 082 | |2 22 |a 770.1 KRA 2002 | ||
| 100 | |9 579175 |a Krauss, Rosalind E |e autora | ||
| 245 | |a Lo fotográfico. |b Por una teoría de los desplazamientos. | ||
| 260 | |a Barcelona, España: |b Gustavo Gili, |c 2002. | ||
| 300 | |a 237 páginas: |b fotografías. | ||
| 490 | |a FotoGGrafía. | ||
| 500 | |a c.1-3: Instituto Arcos. 08-01-2025 | ||
| 583 | |c 20250130 |k Yessy Sthefany Diaz Vidal | ||
| 650 | 0 | |9 269391 |a Fotografía artística |x Historia del arte |y Siglo 20 | |
| 650 | 0 | |9 268495 |a Fotografía |x Filosofía del arte | |
| 700 | |9 895652 |a Zelich, Cristina |e traductora | ||
| 942 | |2 ddc |c BK |n 0 | ||
| 952 | |0 0 |1 0 |2 ddc |4 0 |6 770_100000000000000_KRA_2002 |7 0 |8 A |9 600178 |a BIBINC |b BIBINC |d 2025-01-30 |e Instituto Arcos |i 5665034 |o 770.1 KRA 2002 |p 5665034 |r 2025-01-30 |t 1 |w 2025-01-30 |y BK |k IFP | ||
| 952 | |0 0 |1 0 |2 ddc |4 0 |6 770_100000000000000_KRA_2002 |7 0 |8 A |9 600179 |a BIBINC |b BIBINC |d 2025-01-30 |e Instituto Arcos |i 5665035 |o 770.1 KRA 2002 |p 5665035 |r 2025-01-30 |t 2 |w 2025-01-30 |y BK |k IFP | ||
| 952 | |0 0 |1 0 |2 ddc |4 0 |6 770_100000000000000_KRA_2002 |7 0 |8 A |9 600276 |a BIBINC |b BIBINC |d 2025-01-31 |e Instituto Arcos |i 5665192 |o 770.1 KRA 2002 |p 5665192 |r 2025-01-31 |t 3 |w 2025-01-31 |y BK |k IFP | ||